Wild Islands / (Record no. 2454)

MARC details
000 -LEADER
fixed length control field 01750cam a2200337 a 4500
005 - DATE AND TIME OF LATEST TRANSACTION
control field 20231208140946.0
020 ## - INTERNATIONAL STANDARD BOOK NUMBER
International Standard Book Number 9781407110813
Qualifying information (pbk.)
020 ## - INTERNATIONAL STANDARD BOOK NUMBER
International Standard Book Number 1407110810
Qualifying information (pbk.)
040 ## - CATALOGING SOURCE
Original cataloging agency UKM
Language of cataloging eng
Transcribing agency UKM
Modifying agency YDXCP
-- OCLCF
-- OCLCO
-- OCLCQ
-- DLC
050 00 - LIBRARY OF CONGRESS CALL NUMBER
Classification number GB471
Item number .G35 2010
082 04 - DEWEY DECIMAL CLASSIFICATION NUMBER
Classification number 551.42
Edition number 22
100 1# - MAIN ENTRY--PERSONAL NAME
Personal name Ganeri, Anita
Dates associated with a name 1961-
245 10 - TITLE STATEMENT
Title Wild Islands /
Statement of responsibility, etc. Anita Ganeri ; illustrated by Mike Phillips
250 ## - EDITION STATEMENT
Edition statement This edition published 2010
260 ## - PUBLICATION, DISTRIBUTION, ETC.
Place of publication, distribution, etc. London ;
-- New York :
Name of publisher, distributor, etc. Scholastic,
Date of publication, distribution, etc. 2010
300 ## - PHYSICAL DESCRIPTION
Extent 128 pages :
Other physical details illustrations, maps ;
Dimensions 20 cm
490 0# - SERIES STATEMENT
Series statement Horrible geography
505 ## - FORMATTED CONTENTS NOTE
Formatted contents note R
520 ## - SUMMARY, ETC.
Summary, etc. Geography with the gritty bits left in! Does geography grind you down? Fed up with miserable maps, rotten rock piles and gruelling graphs? Wave goodbye to boring geography lessons as you are cast away on the far-flung shores of Wild Islands. Marvel as a brand-new island pops up from the sea. Gasp at the hot-tempered island that blew its top. Choke on the smell of an island dragon's foul breath. And if that's not wild enough for you, discover where to find coconuts with magical powers, try to crack the case of the missing island, and read the remarkable story of a real-life Robinson Crusoe. It's earth-shatteringly exciting! Geography has never been so horrible!
521 ## - TARGET AUDIENCE NOTE
Target audience note 800
Source Lexile estimate
521 ## - TARGET AUDIENCE NOTE
Target audience note R
Source Raz-Plus
650 #0 - SUBJECT ADDED ENTRY--TOPICAL TERM
Topical term or geographic name entry element Islands
Form subdivision Juvenile literature.
650 #0 - SUBJECT ADDED ENTRY--TOPICAL TERM
Topical term or geographic name entry element Castaways
Form subdivision Juvenile literature.
650 #7 - SUBJECT ADDED ENTRY--TOPICAL TERM
Topical term or geographic name entry element Castaways.
Source of heading or term fast
Authority record control number or standard number (OCoLC)fst00848392
650 #7 - SUBJECT ADDED ENTRY--TOPICAL TERM
Topical term or geographic name entry element Islands.
Source of heading or term fast
Authority record control number or standard number (OCoLC)fst00980104
655 #7 - INDEX TERM--GENRE/FORM
Genre/form data or focus term Juvenile works.
Source of term fast
Authority record control number or standard number (OCoLC)fst01411637
700 1# - ADDED ENTRY--PERSONAL NAME
Personal name Phillips, Mike
Dates associated with a name 1961-
906 ## - LOCAL DATA ELEMENT F, LDF (RLIN)
a 7
b cbc
c copycat
d 2
e ncip
f 20
g y-gencatlg
942 ## - ADDED ENTRY ELEMENTS (KOHA)
Source of classification or shelving scheme Dewey Decimal Classification
Koha item type Books
Suppress in OPAC No
999 ## -
-- 2454
-- 2454
Holdings
Withdrawn status Lost status Source of classification or shelving scheme Damaged status Not for loan Collection Home library Current library Shelving location Date acquired Total Checkouts Full call number Barcode Date due Date last seen Date last checked out Copy number Price effective from Koha item type
    Dewey Decimal Classification     Non-Fiction Footprints International School Library Network Toul Tom Poung Campus Footprints International School Library Network Toul Tom Poung Campus TTP Secondary Non-Fiction Bookshelves 12/08/2023 2 GAN 551.42 GB471 FISSE00070 02/24/2026 02/10/2026 02/10/2026 1 12/08/2023 Books
    Dewey Decimal Classification     Non-Fiction Footprints International School Library Network Toul Tom Poung Campus Footprints International School Library Network Toul Tom Poung Campus TTP Secondary Non-Fiction Bookshelves 07/14/2025   GAN 551.42 GB471 FIS01127   07/14/2025   2 07/14/2025 Books